<?xml version="1.0" encoding="UTF-8"?>
<record
    xmlns:xsi="http://www.w3.org/2001/XMLSchema-instance"
    xsi:schemaLocation="http://www.loc.gov/MARC21/slim http://www.loc.gov/standards/marcxml/schema/MARC21slim.xsd"
    xmlns="http://www.loc.gov/MARC21/slim">

  <leader>01002nam a2200277Ia 4500</leader>
  <controlfield tag="001">dia_4004</controlfield>
  <controlfield tag="003">CHAP</controlfield>
  <controlfield tag="005">20230123121640.0</controlfield>
  <controlfield tag="007">ta</controlfield>
  <controlfield tag="008">220601s9999    mx     f      000 0 spa d</controlfield>
  <datafield tag="040" ind1=" " ind2=" ">
    <subfield code="a">mxchpua</subfield>
    <subfield code="c">CHAP</subfield>
  </datafield>
  <datafield tag="090" ind1=" " ind2=" ">
    <subfield code="a">FOLLETO 2548</subfield>
  </datafield>
  <datafield tag="110" ind1=" " ind2=" ">
    <subfield code="9">169549</subfield>
    <subfield code="a">Instituto Nacional de Investigaciones Forestales y Agropecuarias (M&#xE9;xico)</subfield>
  </datafield>
  <datafield tag="245" ind1="1" ind2=" ">
    <subfield code="a">Pungarabato, nueva variedad de ajonjol&#xED; para tierra caliente de Guerrero y Michoac&#xE1;n / </subfield>
    <subfield code="c">Instituto Nacional de Investigaciones Forestales y Agropecuarias</subfield>
  </datafield>
  <datafield tag="260" ind1=" " ind2=" ">
    <subfield code="a">M&#xE9;xico :</subfield>
    <subfield code="b">Instituto Nacional de Investigaciones Forestales y Agropecuarias</subfield>
  </datafield>
  <datafield tag="300" ind1=" " ind2=" ">
    <subfield code="a">8 p&#xE1;ginas</subfield>
  </datafield>
  <datafield tag="440" ind1=" " ind2=" ">
    <subfield code="9">42067</subfield>
    <subfield code="a">Folleto t&#xE9;cnico</subfield>
    <subfield code="n">1</subfield>
  </datafield>
  <datafield tag="500" ind1=" " ind2=" ">
    <subfield code="a">D. </subfield>
  </datafield>
  <datafield tag="650" ind1="1" ind2="7">
    <subfield code="a">Ajonjol&#xED;</subfield>
    <subfield code="9">3223</subfield>
    <subfield code="x">Variedades</subfield>
  </datafield>
  <datafield tag="650" ind1="1" ind2="7">
    <subfield code="a">Ajonjol&#xED;</subfield>
    <subfield code="9">3223</subfield>
    <subfield code="z">M&#xE9;xico</subfield>
    <subfield code="z">Guerrero</subfield>
  </datafield>
  <datafield tag="650" ind1="1" ind2="7">
    <subfield code="a">Ajonjol&#xED;</subfield>
    <subfield code="9">3223</subfield>
    <subfield code="z">M&#xE9;xico</subfield>
    <subfield code="z">Michoac&#xE1;n</subfield>
  </datafield>
  <datafield tag="901" ind1=" " ind2=" ">
    <subfield code="a">FOLLETO 2548</subfield>
  </datafield>
  <datafield tag="902" ind1=" " ind2=" ">
    <subfield code="a">M</subfield>
  </datafield>
  <datafield tag="905" ind1=" " ind2=" ">
    <subfield code="a">0000001987                          mx A   0000000000spa00</subfield>
  </datafield>
  <datafield tag="942" ind1=" " ind2=" ">
    <subfield code="c">FOLL</subfield>
    <subfield code="2">local</subfield>
  </datafield>
  <datafield tag="999" ind1=" " ind2=" ">
    <subfield code="c">209440</subfield>
    <subfield code="d">209440</subfield>
  </datafield>
  <datafield tag="952" ind1=" " ind2=" ">
    <subfield code="0">0</subfield>
    <subfield code="1">0</subfield>
    <subfield code="2">local</subfield>
    <subfield code="4">0</subfield>
    <subfield code="5">1</subfield>
    <subfield code="7">0</subfield>
    <subfield code="8">FOLL</subfield>
    <subfield code="a">IA_</subfield>
    <subfield code="b">IA_</subfield>
    <subfield code="d">2022-06-01</subfield>
    <subfield code="l">0</subfield>
    <subfield code="o">FOLLETO 2548</subfield>
    <subfield code="p">dia_FOLLETO 2548</subfield>
    <subfield code="r">2022-06-01 00:00:00</subfield>
    <subfield code="t">2</subfield>
    <subfield code="w">2022-06-01</subfield>
    <subfield code="y">FOLL</subfield>
  </datafield>
</record>
